000 04522cam a22017894i 4500
003 PE-LiUPU
005 20250813165552.0
008 150623s1998 sp a rb 000 0 spa d
035 _a(Sirsi) a25432
040 _aPE-LiUPU
_bspa
_cPE-LiUPU
_dPE-LiUPU
_erda
049 _aPRUA
082 0 4 _a616.89156
_bH243p
_221
100 1 _aHanna, Suzanne Midori,
_d1950-,
_eautor.
245 1 3 _aLa práctica de la terapia de familia :
_belementos clave en diferentes modelos /
_cSuzanne Midori Hanna, Joseph H. Brown ; traducción, Jasone Aldekoa.
264 1 _aBilbao :
_bEditorial Descleé de Brouwer,
_c1998.
300 _a275 páginas :
_bilustraciones ;
_c21 centímetros.
336 _atext
_2rdacontent
337 _aunmediated
_2rdamedia
338 _avolume
_2rdacarrier
490 0 _a(Biblioteca de Psicología ;
_v95)
504 _aIncluye bibliografía.
505 0 _aDE LA TEORÍA A LA PRÁCTICA -- Terapia de familia: un área de diversidad -- Hacia una práctica integrada: elementos comunes -- Terapia de familia: Procesos evolutivos -- HABILIDADES BÁSICAS DE EVALUACIÓN INICIAL EN TERAPIA DE FAMILIA -- Organización del proceso de acogida -- La entrevista inicial -- Modelos de Terapia de familia: evaluación inicial -- Integración del Proceso de evaluación inicial: Habilidades -- HABILIDADES DE TRATAMIENTO -- Desarrollo de un plan de tratamiento -- Facilitar el cambio -- Integración del tratamiento a través de la revisión de casos -- Evaluación, finalización y seguimientos.
526 _aP203
526 _aP200
526 _aSEG65
526 _aSEG64
526 _aSEG63
526 _aSEG62
526 _aSEG61
526 _aSEG60
526 _aSEG59
526 _aSEG58
526 _aSEG57
526 _aSEG56
526 _aSEG55
526 _aSEG54
526 _aSEG53
526 _aSEG52
526 _aSEG51
526 _aSEG50
526 _aSEG49
526 _aSEG48
526 _aSEG47
526 _aSEG46
526 _aSEG24
526 _aSEG23
526 _aSEG22
526 _aSEG21
526 _aSEG20
526 _aSEG19
526 _aSEG18
526 _aSEG17
526 _aSEG16
526 _aSEG14
526 _aSEG13
526 _aSEG12
526 _aSEG11
526 _aSEG10
526 _aSEG09
526 _aSEG06
526 _aSEG05
526 _aSEG04
526 _aSEG03
526 _aSEG02
526 _aSEG68
526 _aSEG66
526 _aSEG45
526 _aSEG25
526 _aSEG01
526 _aP163
526 _aP162
526 _aP161
526 _aP160
526 _aP159
526 _aP158
526 _aP157
526 _aP156
526 _aP155
526 _aP154
526 _aP153
526 _aP152
526 _aP151
526 _aP150
526 _aP149
526 _aP142
526 _aP141
526 _aP140
526 _aP139
526 _aP138
526 _aP137
526 _aP132
526 _aP131
526 _aP130
526 _aP126
526 _aP125
526 _aP124
526 _aP123
526 _aP115
526 _aP122
526 _aP121
526 _aP116
526 _a P114
526 _aP112
526 _aP111
526 _aP104
526 _aP103
526 _aP102
526 _aP101
526 _aP100
526 _aP96
526 _aP95
526 _aP93
526 _aP92
526 _aP91
526 _aP88
526 _aP83
526 _aP82
526 _aP79
526 _aP78
526 _aP75
526 _aP74
526 _aP71
526 _aP69
526 _a P51
526 _aP49
526 _aP48
526 _aP47
526 _aP33
526 _aP31
526 _a P30
526 _aP29
526 _aP27
526 _aP26
526 _aP25
526 _aP24
526 _a P22
526 _aP10
526 _aP09
526 _a P08
526 _aP06
526 _aP05
526 _aP04
526 _aP01
650 0 4 _aPsicoterapia familiar.
_91978
650 0 0 _aPsicoterapia de grupo
_91929
650 0 0 _aPsicología clínica
_91930
700 1 _aBrown, Joseph H.,
_eautor.
942 _2ddc
_cBK
949 _a616.89156 H21 95
_wDEWEY
_c1
_i49582
_lCCODEBUL1
_mBUL
_p30.00
_r0
_sY
_tBOOK
_u2015-06-24
_xTEOLOGIA
_0COMPRA
_o.STAFF. Colección Ciencias de la Salud
980 _81
_gALBERTO SANCHEZ Responsable de Automatización
999 _c32353
_d32353